[Event "Neu Isenburg op"]
[Site "Neu Isenburg"]
[Date "1992.04.25"]
[Round "7"]
[White "Blasek, Ralph"]
[Black "Kharlov, Andrei"]
[Result "0-1"]
[WhiteElo "2335"]
[BlackElo "2545"]
[PlyCount "80"]
[EventDate "1992.04.24"]
[EventType "swiss (rapid)"]
[EventRounds "11"]
[EventCountry "GER"]
[SourceTitle "EXT 2003"]
[Source "ChessBase"]
[SourceDate "2002.11.25"]
[SourceVersion "1"]
[SourceVersionDate "2002.11.25"]
[SourceQuality "1"]

1. e4 c5 2. Nc3 Nc6 3. Nge2 e6 4. g3 d5 5. exd5 exd5 6. Bg2 d4 7. Nd5 Bd6 8. d3 Nge7 9. Nef4 0-0 10. 0-0 Nxd5 11. Nxd5 Be6 12. Nf4 Bxf4 13. Bxf4 Bd5 14. Qh5 Nb4 15. a3 Bxg2 16. Kxg2 Nd5 17. Bd2 Qd6 18. Rfe1 Rae8 19. Rxe8 Rxe8 20. Re1 Rxe1 21. Bxe1 h6 22. Qf3 Qe6 23. Bd2 b6 24. h3 Kf8 25. c4 dxc3 26. bxc3 Qc6 27. c4 Ne7 28. Bf4 f6 29. Bb8 Qd7 30. Qa8 Qc6+ 31. Qxc6 Nxc6 32. Bd6+ Kf7 33. Kf3 h5 34. g4 Ke6 35. Bf8 hxg4+ 36. hxg4 Ne5+ 37. Ke2 g5 38. d4 cxd4 39. c5 b5 40. f3 a5 0-1

[Event "Neu Isenburg op"]
[Site "Neu Isenburg"]
[Date "1992.04.25"]
[Round "6"]
[White "Kovalev, Andrei"]
[Black "Blasek, Ralph"]
[Result "0-1"]
[WhiteElo "2570"]
[BlackElo "2335"]
[PlyCount "90"]
[EventDate "1992.04.24"]
[EventType "swiss (rapid)"]
[EventRounds "11"]
[EventCountry "GER"]
[SourceTitle "EXT 2003"]
[Source "ChessBase"]
[SourceDate "2002.11.25"]
[SourceVersion "1"]
[SourceVersionDate "2002.11.25"]
[SourceQuality "1"]

1. e4 c5 2. Nf3 Nc6 3. Nc3 e6 4. d4 cxd4 5. Nxd4 d6 6. Be2 Nf6 7. 0-0 Be7 8. Be3 0-0 9. Kh1 Bd7 10. f4 Nxd4 11. Bxd4 Bc6 12. Bd3 Nd7 13. Qh5 Bf6 14. e5 g6 15. Qe2 dxe5 16. fxe5 Bg7 17. Nb5 Qg5 18. Nxa7 Nxe5 19. Nxc6 bxc6 20. Be4 Rac8 21. a4 Ng4 22. Bxg7 Kxg7 23. a5 h5 24. Bf3 Rfd8 25. Bxg4 hxg4 26. Qf2 f6 27. Qf4 Qxf4 28. Rxf4 Ra8 29. Kg1 Rd2 30. Rc4 Ra6 31. b4 f5 32. Re1 Kf6 33. Rc5 f4 34. Rce5 Rxc2 35. Rxe6+ Kg5 36. Ra1 Rb2 37. Re5+ Kf6 38. Re4 g5 39. Rc4 c5 40. bxc5 Re6 41. a6 Ree2 42. a7 Rxg2+ 43. Kf1 Rbf2+ 44. Ke1 g3 45. hxg3 fxg3 0-1

[Event "BL2-West 9293"]
[Site "Germany"]
[Date "1992.??.??"]
[Round "?.4"]
[White "Blasek, Ralph"]
[Black "Stoering, Volker"]
[Result "0-1"]
[WhiteElo "2345"]
[BlackElo "2315"]
[PlyCount "106"]
[EventDate "1992.10.??"]
[EventType "team-tourn"]
[EventRounds "9"]
[EventCountry "GER"]
[SourceTitle "GER-chT2"]
[Source "ChessBase"]
[SourceDate "1999.07.01"]
[SourceVersion "1"]
[SourceVersionDate "1999.07.01"]
[SourceQuality "1"]
[WhiteTeam "Enger Spenge"]
[BlackTeam "Muenster"]
[WhiteTeamCountry "GER"]
[BlackTeamCountry "GER"]

1. e4 c5 2. Nf3 e6 3. c3 Nf6 4. Bd3 b6 5. 0-0 Bb7 6. Re1 Nc6 7. Bc2 Rc8 8. d3 Be7 9. Nbd2 0-0 10. Nf1 Qc7 11. Ng3 b5 12. Bg5 d6 13. Qd2 Ne5 14. Qe2 Nxf3+ 15. Qxf3 Nxe4 16. dxe4 Bxg5 17. Rad1 Rfd8 18. Qg4 Bf6 19. Nh5 Qe7 20. h4 g6 21. Rd3 Bxh4 22. Rh3 Bf6 23. Ree3 Bg7 24. Reg3 Rf8 25. Nxg7 Kxg7 26. Qf4 h5 27. Rxh5 Rh8 28. Rxh8 Rxh8 29. e5 d5 30. Rg4 Bc6 31. Qg3 Be8 32. Rf4 Rh5 33. Rg4 Kh8 34. Bd1 Rh7 35. Rf4 Kg8 36. Rf6 Qf8 37. Qg5 Qh6 38. Qxh6 Rxh6 39. Rf4 Kg7 40. a4 a6 41. axb5 Bxb5 42. b4 Rh8 43. f3 cxb4 44. cxb4 Rh5 45. g4 Rxe5 46. Kf2 g5 47. Rd4 f5 48. gxf5 Rxf5 49. Kg3 Kf6 50. Bc2 Re5 51. Rd1 Re2 52. Bh7 Rb2 53. Rd4 Bc4 0-1

[Event "Gelsenkirchen"]
[Site "Gelsenkirchen"]
[Date "1991.??.??"]
[Round "?"]
[White "Balster, Stefan"]
[Black "Blasek, Ralph"]
[Result "1/2-1/2"]
[WhiteElo "2200"]
[BlackElo "2330"]
[PlyCount "121"]
[EventDate "1991.05.??"]
[EventType "tourn"]
[EventRounds "11"]
[EventCountry "GER"]
[EventCategory "8"]
[SourceTitle "CBM 025"]
[Source "ChessBase"]
[SourceDate "1991.12.01"]
[SourceVersion "1"]
[SourceVersionDate "1991.12.01"]
[SourceQuality "1"]

1. c4 Nf6 2. Nc3 c5 3. g3 Nc6 4. Bg2 g6 5. e3 Bg7 6. Nge2 0-0 7. 0-0 d6 8. d3 Bg4 9. h3 Bd7 10. Rb1 a6 11. Kh2 Rb8 12. b3 b5 13. Bb2 e5 14. Qd2 Ne7 15. f4 h5 16. Ng1 Nf5 17. e4 Nd4 18. Nce2 bxc4 19. dxc4 Bc6 20. Nxd4 cxd4 21. Rbe1 Qd7 22. Qd3 Qb7 23. Ba3 Rfd8 24. Rf2 Rd7 25. Rfe2 Re8 26. Nf3 exf4 27. Nxd4 fxg3+ 28. Kh1 Re5 29. Nxc6 Qxc6 30. Bb2 h4 31. Rd1 Nh5 32. Bxe5 Bxe5 33. Qd5 Qc8 34. Rf1 Nf4 35. Rxf4 Bxf4 36. Bf3 Rc7 37. Kg2 Qb8 38. Qa5 Qa7 39. Qc3 Qc5 40. Qf6 Bg5 41. Qc3 a5 42. Qd3 Bf6 43. Qd5 Qa3 44. Qa8+ Kg7 45. Qb8 Re7 46. Qb6 Be5 47. Rc2 Re6 48. Qe3 Qb4 49. Rd2 Rf6 50. Rd5 Qa3 51. Qe2 Bc3 52. Rd1 Bb4 53. Rd5 Qc1 54. Rd1 Qf4 55. Rd3 Bc5 56. Qd2 Qe5 57. Qc3 Qg5 58. Qd2 Rf4 59. Qxa5 Kh7 60. Qc3 f5 61. exf5 1/2-1/2

[Event "Gelsenkirchen"]
[Site "Gelsenkirchen"]
[Date "1991.??.??"]
[Round "?"]
[White "Blasek, Ralph"]
[Black "Baumhus, Reinhard"]
[Result "1-0"]
[WhiteElo "2330"]
[BlackElo "2405"]
[PlyCount "73"]
[EventDate "1991.05.??"]
[EventType "tourn"]
[EventRounds "11"]
[EventCountry "GER"]
[EventCategory "8"]
[SourceTitle "CBM 025"]
[Source "ChessBase"]
[SourceDate "1991.12.01"]
[SourceVersion "1"]
[SourceVersionDate "1991.12.01"]
[SourceQuality "1"]

1. d4 d5 2. c4 Nc6 3. Nc3 dxc4 4. Nf3 Nf6 5. e3 e5 6. Bxc4 exd4 7. exd4 Be7 8. Bf4 0-0 9. 0-0 Nh5 10. Be3 Bd6 11. Qd2 Bf5 12. Rfe1 Nb4 13. Bg5 Qd7 14. Ne4 Rfe8 15. Nxd6 Qxd6 16. Rxe8+ Rxe8 17. Re1 Be4 18. Bxf7+ Kxf7 19. Ne5+ Rxe5 20. dxe5 Qxd2 21. Bxd2 Bd5 22. Bxb4 Nf4 23. Bc3 Nxg2 24. e6+ Ke7 25. Bb4+ Ke8 26. Re5 Nf4 27. Bd2 Nh3+ 28. Kf1 c6 29. Rxd5 cxd5 30. Kg2 Nxf2 31. Kxf2 Ke7 32. Ke3 Kxe6 33. Bc3 g5 34. Kd4 h5 35. Bd2 g4 36. Bg5 a6 37. Bh4 1-0

[Event "Gelsenkirchen"]
[Site "Gelsenkirchen"]
[Date "1991.??.??"]
[Round "?"]
[White "Blasek, Ralph"]
[Black "Costa, Jean Luc"]
[Result "0-1"]
[WhiteElo "2330"]
[BlackElo "2405"]
[PlyCount "60"]
[EventDate "1991.05.??"]
[EventType "tourn"]
[EventRounds "11"]
[EventCountry "GER"]
[EventCategory "8"]
[SourceTitle "CBM 025"]
[Source "ChessBase"]
[SourceDate "1991.12.01"]
[SourceVersion "1"]
[SourceVersionDate "1991.12.01"]
[SourceQuality "1"]

1. e4 d6 2. d4 Nf6 3. f3 c5 4. dxc5 Qa5+ 5. Nc3 Qxc5 6. Qd3 a6 7. Be3 Qa5 8. Nge2 g6 9. Bd2 Qc7 10. Nd5 Nxd5 11. exd5 Bg7 12. Bc3 Bf5 13. Qd2 Bxc3 14. Nxc3 Nd7 15. g4 Ne5 16. Be2 Bd7 17. h4 Rc8 18. h5 f5 19. f4 Nxg4 20. Bxg4 fxg4 21. hxg6 Bf5 22. gxh7 Bxh7 23. Rh4 Qd7 24. 0-0-0 Qf5 25. Qf2 Rf8 26. Rd2 Rf7 27. Qg1 Rg7 28. Qg3 b5 29. a3 Rc4 30. Rf2 a5 0-1